[Event "Hessen-ch op-B"]
[Site "Frankfurt Sossenheim"]
[Date "2015.??.??"]
[Round "6"]
[White "Kirst, Christian"]
[Black "Diehl, Stefan"]
[Result "0-1"]
[WhiteElo "1499"]
[BlackElo "1815"]
[PlyCount "118"]
[EventDate "2015.05.13"]
[EventType "swiss"]
[EventRounds "7"]
[EventCountry "GER"]
[SourceTitle "EXT 2016"]
[Source "ChessBase"]
[SourceDate "2015.10.08"]
[SourceVersion "1"]
[SourceVersionDate "2015.10.08"]
[SourceQuality "1"]

1. e4 d5 2. exd5 Qxd5 3. Nf3 Nf6 4. c4 Qd6 5. Nc3 c6 6. d4 Bf5 7. Be2 e6 8. Nh4 Bg6 9. Bf3 Na6 10. d5 0-0-0 11. dxc6 Qxd1+ 12. Bxd1 bxc6 13. Nxg6 hxg6 14. 0-0 Bd6 15. h3 Nh5 16. Ne4 Bc7 17. Be3 Bb6 18. c5 Bc7 19. a3 f5 20. Nd6+ Bxd6 21. cxd6 Kb7 22. b4 Rxd6 23. a4 e5 24. b5 Nb8 25. Bb3 f4 26. Bc5 Rd5 27. Bxd5 cxd5 28. a5 Nd7 29. a6+ Ka8 30. Rfc1 Nhf6 31. Bd6 Ne4 32. Rc6 d4 33. Bb4 Rb8 34. Rac1 Rxb5 35. Rc8+ Nb8 36. Be7 Rb6 37. f3 Nc3 38. Kf1 Rxa6 39. Bd8 Kb7 40. Rc7+ Ka8 41. Rc8 Kb7 42. Rc7+ Ka8 43. Rc2 Ra1+ 44. Kf2 Nd1+ 45. Ke2 Nc3+ 46. Kd3 Nd5 47. R7c4 Ne3 48. Ke4 Nxc4 49. Rxc4 d3 50. Kxd3 Rd1+ 51. Ke4 Rxd8 52. Kxe5 a5 53. Kxf4 Rd5 54. Ke4 Rb5 55. Rc7 a4 56. Kd3 Na6 57. Rc4 Rb3+ 58. Kc2 Nb4+ 59. Kc1 a3 0-1